000 00918cam a22002777a 4500
005 20220817043109.0
008 971010s1986 r 00010 d
010 _a65544
011 _a66516
035 _a74751
082 _a631.582
_bF3Y
110 _aFAO
245 0 _aSistemas mejorados de producción como alternativa a la agricultura migratoria
260 _aRoma :
_bFAO,
_c1986
300 _a218 p.
_b: ilus.; mapas
490 0 _aFAO. Boletín de suelos
_v; 53
590 _aBATCH-UPD
_b10
_c20130110
_lUCH01
_h1034
590 _aBATCH-UPD
_b10
_c20130410
_lUCH01
_h0636
590 _aBATCH-UPD
_b10
_c20130913
_lUCH01
_h2346
590 _aCONVERSION
_b10
_c20130109
_lUCH01
_h1336
650 1 4 _aAgricultura migratoria.
_92004
650 1 4 _aSistemas de cultivo.
_9106746
830 0 _aFAO. Boletín de suelos
_v; 53
_939455
901 _aBK
949 _a631.582 F3y
_bS
_cLIBRO
_d-7649
_eLIBRO
_h3743
_i74751
_si
_t58.50
999 _c65544
_d65544